<?xml version="1.0" encoding="UTF-8"?>
<record
    xmlns:xsi="http://www.w3.org/2001/XMLSchema-instance"
    xsi:schemaLocation="http://www.loc.gov/MARC21/slim http://www.loc.gov/standards/marcxml/schema/MARC21slim.xsd"
    xmlns="http://www.loc.gov/MARC21/slim">

  <leader>00876nam a2200253 i 4500</leader>
  <datafield tag="999" ind1=" " ind2=" ">
    <subfield code="c">7357</subfield>
    <subfield code="d">7357</subfield>
  </datafield>
  <controlfield tag="003">OSt</controlfield>
  <controlfield tag="005">20260515062531.0</controlfield>
  <controlfield tag="008">200311s2019    fr ||||gr|||||0|| |bfre|c</controlfield>
  <datafield tag="020" ind1=" " ind2=" ">
    <subfield code="a">9782362200588</subfield>
  </datafield>
  <datafield tag="040" ind1=" " ind2=" ">
    <subfield code="a">ES-BaUAB </subfield>
    <subfield code="b">cat </subfield>
    <subfield code="e">rda </subfield>
    <subfield code="c">ES-BaUAB</subfield>
  </datafield>
  <datafield tag="100" ind1=" " ind2=" ">
    <subfield code="a">Semp&#xE9;, Jean-Jacques</subfield>
    <subfield code="d">1932-)</subfield>
    <subfield code="9">4646</subfield>
  </datafield>
  <datafield tag="245" ind1="1" ind2="0">
    <subfield code="a">Semp&#xE9; : </subfield>
    <subfield code="b">100 cartoons for press freedom</subfield>
  </datafield>
  <datafield tag="246" ind1="3" ind2=" ">
    <subfield code="a">Semp&#xE9; : one hundred cartoons for press freedom</subfield>
  </datafield>
  <datafield tag="264" ind1=" " ind2="1">
    <subfield code="a">Paris : </subfield>
    <subfield code="b">Reporters sans Frontieres, </subfield>
    <subfield code="c">2019</subfield>
  </datafield>
  <datafield tag="300" ind1=" " ind2=" ">
    <subfield code="a">[144] p&#xE0;gines : </subfield>
    <subfield code="b">fotografies ; </subfield>
    <subfield code="c">30 cm</subfield>
  </datafield>
  <datafield tag="336" ind1=" " ind2=" ">
    <subfield code="a">text </subfield>
    <subfield code="b">txt </subfield>
    <subfield code="2">rdacontent</subfield>
  </datafield>
  <datafield tag="336" ind1=" " ind2=" ">
    <subfield code="a">imatge fixa </subfield>
    <subfield code="b">sti </subfield>
    <subfield code="2">rdacontent]</subfield>
  </datafield>
  <datafield tag="337" ind1=" " ind2=" ">
    <subfield code="a">sense mediaci&#xF3;</subfield>
    <subfield code="b">n </subfield>
    <subfield code="2">rdamedia]</subfield>
  </datafield>
  <datafield tag="338" ind1=" " ind2=" ">
    <subfield code="a">volum </subfield>
    <subfield code="b">nc </subfield>
    <subfield code="2">rdacarrier</subfield>
  </datafield>
  <datafield tag="490" ind1="0" ind2=" ">
    <subfield code="a">Reporters without borders ; </subfield>
    <subfield code="v">61</subfield>
  </datafield>
  <datafield tag="650" ind1=" " ind2="4">
    <subfield code="a">Llibertat de premsa-</subfield>
    <subfield code="x">Obres humor&#xED;stiques</subfield>
  </datafield>
  <datafield tag="710" ind1="2" ind2=" ">
    <subfield code="a">Reporters Sans Fronti&#xE8;res</subfield>
    <subfield code="9">1923</subfield>
  </datafield>
  <datafield tag="942" ind1=" " ind2=" ">
    <subfield code="2">udc</subfield>
    <subfield code="c">MON</subfield>
  </datafield>
  <datafield tag="952" ind1=" " ind2=" ">
    <subfield code="0">0</subfield>
    <subfield code="1">0</subfield>
    <subfield code="4">0</subfield>
    <subfield code="7">0</subfield>
    <subfield code="a">CDMR</subfield>
    <subfield code="b">CDMR</subfield>
    <subfield code="d">2021-07-15</subfield>
    <subfield code="l">0</subfield>
    <subfield code="o">Ar /49</subfield>
    <subfield code="p">CDMR21070004</subfield>
    <subfield code="r">2021-07-15</subfield>
    <subfield code="w">2021-07-15</subfield>
    <subfield code="y">MON</subfield>
  </datafield>
</record>
